000 01548nam a2200385 c 4500
001 5185
003 ES-MaCES
005 20141221121750.0
008 970402s1995 sp d ||| | spa d
035 _aCES19980052265m
040 _aES-MaCES
_bspa
_cES-MaCES
245 0 0 _aInvestigación de fatiga horaria y accidentalidad
_b: análisis de los accidentes laborales originados por la organización del trabajo a turnos y ampliaciones de jornada
_crealizado por el Gabinete de Salud Laboral de FETCOMAR-CC.OO. ; dirección, Araceli Larios Redondo ; coordinación, Gabriel Moreno Giménez
260 _aMadrid
_bFetcomar-CC.OO.
_c1995
300 _a143 p.
_bgráf.
_c21 cm
541 _cGratuito
650 4 _asalud en el trabajo
_928347
650 4 _aseguridad en el trabajo
_928348
650 4 _aaccidente de trabajo
_928345
650 4 _aprevención
_929707
650 4 _aenfermedad profesional
_928346
650 4 _afatiga
_928341
650 4 _aordenamiento del tiempo de trabajo
_929205
650 4 _atrabajo por turnos
_928332
650 4 _ahorario de trabajo variable
_927423
650 4 _aMadrid (Comunidad Autónoma)
_930777
650 4 _aVizcaya
_931196
650 4 _adatos estadísticos
_930765
653 1 0 _aSalud
700 1 _aLarios Redondo, Araceli
_edir.
_916211
700 1 _aMoreno Giménez, Gabriel
_ecol.
_919105
710 2 _aFederación Estatal de Transportes, Comunicaciones y Mar
_bGabinete de Salud Laboral
_93561
902 _aLIB Libro
942 _2CES
_cBK
_h3.1.
999 _c5185
_d5185